Paroles LipDub Jeunes UMP - Statistiques

Statistiques générales
  • Ce quiz a été pris 77 fois
  • Le résultat moyen est 47 sur 85
Statistiques - réponses
Paroles La suite ... % Correct
Dans un _____ chant
83%
Tous ceux qui veulent _______ __ _____ changer le monde
81%
Tous ceux qui veulent _______ __ _____ changer le monde
81%
Tous ceux qui veulent _______ __ _____ changer le monde
81%
Tous ceux qui veulent _______ __ _____ changer le monde
81%
Tous ceux qui veulent _______ __ _____ changer le monde
81%
Tous ceux qui veulent _______ __ _____ changer le monde
81%
Tous ceux qui veulent _______ __ _____ changer le monde
81%
_______ __ _____ ! changer le monde
81%
Tous ceux qui veulent _______ __ _____ changer le monde
81%
Je viens te dire à mon tour, tous ceux qui veulent _______ __ _____ changer le monde
81%
Tous ceux qui veulent _______ __ _____ changer le monde
81%
Tous ceux qui veulent _______ __ _____ changer le monde
81%
_______ __ _____ ! changer le monde
81%
Ooooh ! Tous ceux qui veulent _______ __ _____ changer le monde
81%
_______ __ _____ ! changer le monde
81%
_ à
77%
_ à
77%
_ à
77%
_ à
77%
_ à
77%
_ ___ _____ ! à
77%
_ à
77%
Venez _______ chanter
77%
Venez ______ chanter
77%
Venez ______ chanter
77%
Venez ______ chanter
77%
Venez ______ chanter
77%
Venez ______ chanter
77%
Venez ______ chanter
77%
__ de
70%
Pour laisser fleurir à la ronde, les chemins __ de
70%
J'entends la révolte qui ______ gronde
67%
__ la
65%
Que toutes nos voix __ se
59%
___ est
57%
_____ ronde
57%
Et tant mieux si la _____ terre
51%
Venez _______ marcher
45%
Venez _______ marcher
45%
Venez ______ marcher
45%
Venez _______ marcher
45%
Venez ______ marcher
45%
Venez _______ marcher
45%
Venez ______ marcher
45%
Venez _______ marcher
45%
Venez ______ marcher
45%
Venez _______ marcher
45%
Venez ______ marcher
45%
Venez _______ marcher
45%
_____ côtés
43%
_____ côtés
43%
_____ côtés
43%
_____ côtés
43%
_____ côtés
43%
_____ ! côtés
43%
_____ côtés
43%
Pour que la terre soit _______ féconde
43%
Si les racines sont _________, nous saurons bien les transplanter profondes
42%
[Slogan :] "Changeons le monde, ________" ensemble
41%
___ mes
41%
___ mes
41%
___ mes
41%
___ mes
41%
___ mes
41%
___ mes
41%
___ mes
41%
_____ monde
41%
Nous ne pourrons ____ nous
41%
Au coeur de toute l'________ humanité
39%
__________ fraternité
38%
_______ liberté
38%
__________ confondent
33%
Il est nécessaire que l'on _____ fonde
33%
Une _______ nouvelle
33%
__ du
32%
La vie est une ________ éternité
32%
_______ société
30%
A tous ceux qu'elle a ________ enfantés
29%
Il n'y aura pas de ___ fin
29%
Le temps est _____, court
28%
_______ arrêter
26%
Vivre d'amour et mourir d'_________ espérance
22%
Le parcours est _______ immense
20%
A chaque jour l'avenir _________ recommence
19%
Aucun quiz correspondant
Distribution des résultats
% des personnes avec chaque résultat
Percentile par nombre de réponses
Votre historique - résultats
Vous n’avez pas pris ce quiz